01368nab a22002297a 4500003000400000005001700004008004100021040000700062100002300069245009000092260007200182300001300254500005000267505047500317505009000792650002000882650002400902650003100926650003000957650001900987773013201006OSt20260115230845.0190605e xxu||||| |||| 00| 0 spa d cPJ aAlvez, Facundo M. 13aEl peso probatorio de las videograbaciones en el proceso laboral /cFacundo M. Alvez. aCiudad Autónoma de Buenos Aires :bThomson Reuters La Ley,c2025. ap. 33-42 aCita Online: Cita: TR LALEY AR/DOC/855/2025. aSumario: I. Introducción.— II. Poder de dirección y control tecnológico en el entorno digital de la empresa.— III. Las fases de la prueba electrónica.— IV. La valoración probatoria. Marco conceptual. Los sistemas de valoración.— V. La importancia de los llamados "tests de admisibilidad". Análisis.— VI. Apartado jurisprudencial de la cuestión: a propósito de un destacado fallo de la Provincia de San Luis.— VII. Consideraciones finales.  t¿Te interesa el texto completo? Solicitalo al correo: koha@justierradelfuego.gov.ar  0aDERECHO LABORAL 0aCONTRATO DE TRABAJO 0aLEY DE CONTRATO DE TRABAJO 0aRELACIÓN DE DEPENDENCIA 0aFRAUDE LABORAL0 02711dCiudad Autónoma de Buenos Aires : Thomson Reuters La Ley, 1999-2002.tRevista de derecho del trabajo. Nº 3 - Mayo 2025